000 00294nam a2200121Ia 4500
005 20251222141946.0
008 251222s9999||||xx |||||||||||||| ||spa||
020 _a958-04-2547-7
082 _aREF.463/N82
245 0 _aDiccionario Básico de la Lengua Española
264 _bNorma
942 _cLIB
999 _c9528
_d9528